Marketing / (Record no. 347819)
[ view plain ]
| 000 -LEADER | |
|---|---|
| fixed length control field | 01090 a2200205 4500 |
| 020 ## - INTERNATIONAL STANDARD BOOK NUMBER | |
| International Standard Book Number | 0071151222 (hardcover) |
| 020 ## - INTERNATIONAL STANDARD BOOK NUMBER | |
| International Standard Book Number | 9780071151221 (hardcover) |
| 082 04 - DEWEY DECIMAL CLASSIFICATION NUMBER | |
| Classification number | 658.8 |
| 090 ## - LOCALLY ASSIGNED LC-TYPE CALL NUMBER (OCLC); LOCAL CALL NUMBER (RLIN) | |
| -- | 5410 |
| -- | 5410 |
| 245 10 - TITLE STATEMENT | |
| Title | Marketing / |
| Statement of responsibility, etc. | Roger A. Kerin. |
| 250 ## - EDITION STATEMENT | |
| Edition statement | 7th ed. |
| 260 ## - PUBLICATION, DISTRIBUTION, ETC. | |
| Place of publication, distribution, etc. | [S.l.] : |
| Name of publisher, distributor, etc. | Irwin/McGraw-Hill, |
| Date of publication, distribution, etc. | 2003. |
| 300 ## - PHYSICAL DESCRIPTION | |
| Extent | 741 p. ; |
| Dimensions | 28 cm. |
| 490 1# - SERIES STATEMENT | |
| Series statement | The irwin/mcgraw-hill series in marketing. |
| 520 ## - SUMMARY, ETC. | |
| Summary, etc. | This book continues a tradition of leading the market with contemporary, cutting-edge content presented in a conversational student-oriented style, supported by the most comprehensive, innovative, and useful supplement package available. This text and package is designed to meet the needs of a wide spectrum of faculty, whether the professor just wants a good textbook and a few key supplements or needs a top-notch fully integrated multimedia program. |
| 700 1# - ADDED ENTRY--PERSONAL NAME | |
| Personal name | Kerin, Roger A. |
| 830 #4 - SERIES ADDED ENTRY--UNIFORM TITLE | |
| Uniform title | The irwin/mcgraw-hill series in marketing. |
| 856 40 - ELECTRONIC LOCATION AND ACCESS | |
| Materials specified | Amazon.com |
| Uniform Resource Identifier | <a href="http://www.amazon.com/exec/obidos/ASIN/0071151222/chopaconline-20">http://www.amazon.com/exec/obidos/ASIN/0071151222/chopaconline-20</a> |
| 942 ## - ADDED ENTRY ELEMENTS (KOHA) | |
| Institution code [OBSOLETE] | NBS |
| Koha item type | Book |
| Call number prefix | 658.8 MAR |
| Withdrawn status | Lost status | Damaged status | Not for loan | Permanent Location | Current Location | Date acquired | Total Checkouts | Full call number | Barcode | Date last seen | Price effective from | Koha item type |
|---|---|---|---|---|---|---|---|---|---|---|---|---|
| Central Library (CL) | Central Library (CL) | 08/28/2013 | 658.8 MAR | NBS4953 | 08/28/2013 | 08/28/2013 | Book |
